| 000 | 01295nam a2200265Ia 4500 | ||
|---|---|---|---|
| 999 |
_c56069 _d56069 |
||
| 001 | 23169 | ||
| 003 | GE_BSU | ||
| 005 | 20230716141346.0 | ||
| 008 | 181216s1984||||ge |||||||||||||| ||geo|| | ||
| 040 | _cGE_BSU | ||
| 041 | _ageo | ||
| 080 | _a821.133.1-32 + 821.133.1-22 მ-57 | ||
| 100 |
_aმერიმე, პროსპერ _916011 |
||
| 245 |
_aნოველები და კომედიები / _cპროსპერ მერიმე ; მთარგმნ. : ქ. ქიქოძე, გ. ქიქოძე, არ. ცაგარელი ; რედ. ვ. ცოტნიაშვილი. |
||
| 264 |
_aთბილისი : _bნაკადული, _c1984. |
||
| 300 |
_a224 გვ. ; _c19 სმ. |
||
| 490 | _aკლასიკოსები და თანამედროვენი | ||
| 541 | _h5 ლ. | ||
| 653 | _aნოველები და კომედიები | ||
| 700 |
_aქიქოძე, ქ. _eმთარგმნელი _919353 |
||
| 700 |
_aქიქოძე, გ. _eმთარგმნელი _919354 |
||
| 700 |
_aცაგარელი, არ. _eმთარგმნელი _919355 |
||
| 700 |
_aცოტნიაშვილი, ვ. _eრედაქტორი _919356 |
||
| 942 |
_cBK _2udc |
||